000 00285nam a22001337a 4500
008 170216b xxu||||| |||| 00| 0 eng d
020 _a9780763731533
041 _aeng
080 _a61
100 _a4
101 _aSHM
245 _aPUBLIC HEALTH MANAGEMNT
_cFALLON
942 _2udc
_cBK
999 _c5650
_d5650